Joueurs du Stade de Reims ayant joué en Ligue 2 / Saison 2011-2012 - Statistiques

Statistiques générales
  • Ce quiz a été pris 208 fois
  • Le résultat moyen est 11 sur 27
Statistiques - réponses
Poste Réponse % Correct
Gardien Kossi Agassa
95%
Attaquant Cédric Fauré
92%
Défenseur Anthony Weber
85%
Défenseur Mickaël Tacalfred
85%
Défenseur Aissa Mandi
70%
Attaquant Odaïr Fortes
70%
Attaquant Kamel Ghilas
69%
Gardien Johan Liébus
66%
Milieu Bocundji Ca
61%
Attaquant Gaëtan Courtet
52%
Milieu Lucas Deaux
45%
Défenseur Christopher Glombard
44%
Milieu Florent Ghisolfi
34%
Milieu Clément Tainmont
32%
Milieu Romain Amalfitano
31%
Attaquant Floyd Ayité
28%
Milieu Johann Ramaré
28%
Défenseur Khalid Sekkat
28%
Milieu Quentin Pereira
25%
Attaquant Idriss Saadi
19%
Milieu Alexi Peuget
18%
Défenseur Matthieu Fontaine
18%
Milieu Cédric Collet
12%
Défenseur Joachim Ichane
6%
Attaquant Jonathan Kodjia
6%
Milieu Josué Balamandji
6%
Milieu Bilel Ouali
5%
Aucun quiz correspondant
Distribution des résultats
% des personnes avec chaque résultat
Percentile par nombre de réponses
Votre historique - résultats
Vous n’avez pas pris ce quiz